000 00568nam a2200241 a 4500
001 nice12345678
003 IN_TiNIC
005 20260116011438.0
008 050524s1919 lona grp 000 0 eng
020 _a
_c100
082 0 0 _a201
_bSET
100 _aSeth, Smith E K
245 _aDon Raimon
_b a Story of Raymond Lull
260 _aLondon
_bSpck
_c1919
300 _a123p
500 _aincludes index and biblioraphy
505 2 _aill
650 _aChristian-Biography
700 1 _aSeth, Smith E K
902 _bSRS
942 _cBK
999 _c1596
_d1596